Adventures of Team Pom. Squid happens / Isabel ... Read More
Available copies
- 2 of 2 copies available at LARL/NWRL Consortium.
- 2 of 2 copies available at Lake Agassiz Regional Library. (Show preferred library)
Current holds
0 current holds with 2 total copies.
Show Only Available Copies
| Location | Call Number / Copy Notes | Barcode | Shelving Location | Status | Due Date |
|---|---|---|---|---|---|
| Fertile Public Library | J G ROX (Text) | 33500013737879 | Main | Available | - |
| Halstad LINK Site | J G ROX (Text) | 33500013737861 | Main | Available | - |
Record details
- ISBN: 9781912497256
- ISBN: 1912497255
- ISBN: 9781544452265
- ISBN: 1544452268
- Physical Description: 94 pages : chiefly color illustrations ; 23 cm.
- Edition: First edition.
- Publisher: London ; Flying Eye Books, 2021.
Content descriptions
| Summary, etc.: | "When oddballs Agnes, Roberta and Ruby discover a ... Read More |
Search for related items by subject
| Genre: | Children's stories > Comic books, strips, etc. Action and adventure comics. Graphic novels. |
Search for related items by series
| LDR | 03544cam a2200733 i 4500 | ||
|---|---|---|---|
| 001 | 406435 | ||
| 003 | LARL_NWRL_CONSORTIUM | ||
| 005 | 20230119163443.0 | ||
| 008 | 211014s2021 enka c 6 000 1 eng d | ||
| 010 | . | ‡a 2021287926 | |
| 040 | . | ‡aICrlF ‡beng ‡erda ‡cDLC ‡dYXF ‡dOCLCF ‡dUKMGB ‡dDZM ‡dBDX ‡dDUD ‡dZ#6 ‡dOCLCO | |
| 015 | . | ‡aGBC187495 ‡2bnb | |
| 016 | 7 | . | ‡a020209388 ‡2Uk |
| 019 | . | ‡a1253678293 ‡a1264364013 ‡a1289558155 ‡a1290208491 ‡a1291457671 ‡a1293753387 ‡a1295449244 ‡a1302199954 | |
| 020 | . | ‡a9781912497256 ‡q(paperback) | |
| 020 | . | ‡a1912497255 ‡q(paperback) | |
| 020 | . | ‡a9781544452265 ‡q(FollettBound) | |
| 020 | . | ‡a1544452268 ‡q(FollettBound) | |
| 035 | . | ‡a(OCoLC)1255871553 ‡z(OCoLC)1253678293 ‡z(OCoLC)1264364013 ‡z(OCoLC)1289558155 ‡z(OCoLC)1290208491 ‡z(OCoLC)1291457671 ‡z(OCoLC)1293753387 ‡z(OCoLC)1295449244 ‡z(OCoLC)1302199954 | |
| 042 | . | ‡alccopycat | |
| 082 | 0 | 0. | ‡a741.5/9599 ‡223/eng/20211208 |
| 100 | 1 | . | ‡aRoxas, Isabel, ‡eauthor, ‡eillustrator. |
| 245 | 1 | 0. | ‡aAdventures of Team Pom. ‡pSquid happens / ‡cIsabel Roxas. |
| 246 | 3 | . | ‡aSquid happens |
| 250 | . | ‡aFirst edition. | |
| 264 | 1. | ‡aLondon ; ‡aLos Angeles : ‡bFlying Eye Books, ‡c2021. | |
| 300 | . | ‡a94 pages : ‡bchiefly color illustrations ; ‡c23 cm. | |
| 336 | . | ‡atext ‡btxt ‡2rdacontent | |
| 336 | . | ‡astill image ‡bsti ‡2rdacontent | |
| 337 | . | ‡aunmediated ‡bn ‡2rdamedia | |
| 338 | . | ‡avolume ‡bnc ‡2rdacarrier | |
| 490 | 0 | . | ‡aAdventures of Team Pom ; ‡v1 |
| 520 | . | ‡a"When oddballs Agnes, Roberta and Ruby discover a shared passion for synchronized swimming, the trio become Team Pom. But between snack time, their favorite TV show, and raising pigeons, it can be hard to find time to practice. This crew of self-proclaimed weirdos are tired of their loser status in the pool. But on their way to gain the respect and free snacks they deserve, they stumble upon a lonely giant squid"--Amazon. | |
| 650 | 0. | ‡aSynchronized swimming ‡vComic books, strips, etc. ‡vJuvenile fiction. | |
| 650 | 0. | ‡aSquids ‡vComic books, strips, etc. ‡vJuvenile fiction. | |
| 650 | 0. | ‡aAdventure stories. ‡0(LARL_NWRL_CONSORTIUM)12829 | |
| 650 | 1. | ‡aSynchronized swimming ‡vFiction. | |
| 650 | 1. | ‡aSquids ‡vFiction. | |
| 650 | 1. | ‡aAdventure and adventurers ‡vFiction. ‡0(LARL_NWRL_CONSORTIUM)175858 | |
| 650 | 7. | ‡aSynchronized swimming ‡vComic books, strips, etc. ‡vJuvenile fiction. ‡2sears | |
| 650 | 7. | ‡aSquids ‡vComic books, strips, etc. ‡vJuvenile fiction. ‡2sears | |
| 655 | 7. | ‡aChildren's stories ‡vComic books, strips, etc. ‡2gsafd | |
| 655 | 7. | ‡aAction and adventure comics. ‡2lcgft | |
| 655 | 7. | ‡aGraphic novels. ‡2lcgft | |
| 905 | . | ‡uvanderl | |
| 901 | . | ‡a406435 ‡b ‡c406435 ‡tbiblio ‡soclc | |

Add to basket
Permalink
Enable Highlighting